Harry Potter: Find the 'British' Word Quiz Stats

Quiz Updated Mar 27, 2015

Challenge
Share
Tweet
Embed
Score 0/38 Timer 10:00
4 Plays Today
Original Text Edited Word % Correct
He had hands the size of dustbin lids.???
92.7%
'I can, you know, do maths and stuff.'???
89.1%
He was almost bald except for his fringe.???
87.8%
Uncle Vernon's rations turned out to be a packet of crisps each and four bananas.???
85.2%
'This isn't football, Dean,' Ron reminded him.???
84.5%
He had never had any money for sweets with the Dursleys.???
84.3%
'Get the post, Dudley,' said Uncle Vernon from behind his paper.???
83.7%
Hagrid...gave the notes to Harry so he could buy their tickets.???
78.7%
He turned right around in his seat and yelled at Harry, his face like a gigantic beetroot with a moustache.???
72.6%
Ron was in a very bad temper by the end of the class.???
70.3%
Madam Pomfrey, the matron, was a nice woman, but very strict.???
69.9%
It looked like a disused classroom.???
69.8%
They had drawn for the house cup.???
67.1%
'Anything off the trolley, dears?'???
66.5%
'No more revision,' Ron sighed happily.???
60.7%
And then, once you had managed to find them, there were the lessons themselves.???
53.4%
There was no point beating about the bush.???
49%
It looked as though Dudley had got the new computer he wanted.???
48.4%
...trifle, strawberries, jelly, rice pudding...???
44.6%
Original Text Edited Word % Correct
Within seconds, the whole class were standing on their stools.???
43.7%
'Great Uncle Algie came round for tea and he was hanging me out of an upstairs window by the ankles'???
36%
'I've just been up to the front to ask the driver and he says we're nearly there.'???
34.7%
...no less than twelve towering Christmas trees...???
34.6%
This lot were whispering excitedly, too, and he couldn't see a single collecting tin.???
34.3%
'And Gryffindor really can't afford to lose any more points, can they?'???
23.7%
After making a lot of complicated notes...???
22.7%
They joined the crowds flocking out into the sunny grounds.???
20%
'Humans do have a knack of choosing precisely those things which are worst for them.'???
17.1%
'I thought we'd be writing lines or something,'???
16.9%
Malfoy, it seemed, had sneaked up behind Neville and grabbed him for a joke.???
12.2%
There was no way that Snape would dare to try and hurt him if Dumbledore was watching.???
11.6%
It didn't so much as quiver when a car door slammed in the next street.???
9.5%
They acted as though any chair with Harry in it was empty.???
9.4%
Harry made a sharp about turn and held the broom steady.???
8.6%
...bunches of keys, slug pellets, balls of string, mint humbugs, teabags...???
6.3%
It stuck up at the back, just like Harry's did.???
5.8%
'I think I know who that one's from,' said Ron, going a bit pink and pointing to a very lumpy parcel.???
4.5%
'No post on Sundays,' he reminded them happily as he spread marmalade on his newspapers.???
3.5%

You're not logged in!

Compare scores with friends on all Sporcle quizzes.
Join for Free
OR
Log In

You Might Also Like...

Show Comments

Extras

Top Quizzes Today


Score Distribution

Your Account Isn't Verified!

In order to create a playlist on Sporcle, you need to verify the email address you used during registration. Go to your Sporcle Settings to finish the process.

Report this User

Report this user for behavior that violates our Community Guidelines.

Details: